000 00564nam a2200181 i 4500
001 45833
003 ES-MaACL
005 20230906161302.0
007 t|
008 030327s1970 sp ||||1| spa d
100 1 _aCollingwood, R. G.
_939726
245 1 0 _aEnsayos sobre la filosofía de la historia /
_cR. G. Collingwood ; [traducción de José Luis Cano Tembleque].
250 _a[1ª ed.].
260 _a[Barcelona] :
_bBarral,
_c1970.
300 _a199 p. ;
_c19 cm.
700 1 _aCano Tembleque, José Luis.
_934573
852 _aES-MaACL
_jC-39967
_bR.75961
999 _c45833
_d45833